000 01745ngm a2200385 4500
003 dpl
005 20081120125353.0
007 ta
008 ||||||sp199 xxu|||||c ||| 00| 0 ng d
010 _aDVD-001244-1246
024 _aDHIF0158SR
_c45.00
035 _aDVD-001244-1246
040 _aDPL
_cDPL
082 _aDVD / DOAN
245 _aDo Ankhen Barah Haath
_cIndus Video Presents
_h[videorecording] DVD/
246 _a.
260 _bMoserbaer Entertainment
300 _a1 videodisc DVD;
_bsd., col. ;
_c4 3/4 in.
_fDVD
440 _aMoserbaer Home Entertainment
500 _aMoserbaer India Ltd. has obtained the necessary licence/conssent from the owner of the copyright in the wroks for making this DVD Film.
538 _aDolby Digital 5.1 - Hindi Subtitles: English
538 _aThis DVD can be played back on DVD Players, multimedia systems & PC with MPEG card interactive with version 2.0 players.
650 _aMotion Picture
700 _aShantaram, V.
700 _aDesai, Vasant
700 _aSandhya
700 _aUlhas
700 _aVyas, B. M.
700 _aPendharkar, Baburao
942 _cCF
_2ddc
_hDVD
_mDOAN
999 _c18862
_d18862